Logo BPK

Biblioteka

Politechniki Koszalińskiej

Slitno ili razdel'no? : (Rekord nr 28198)

Szczegóły MARC
000 -ETYKIETA REKORDU
podpole kontrolne o stałej długości 00453nam a2200169 i 4500
001 - NUMER KONTROLNY REKORDU
pole kontrolne bg
040 ## - ŹRÓDŁO KATALOGOWANIA
Instytucja, która utworzyła rekord BPK
041 ## - KOD JĘZYKA
Kod języka tekstu pol
080 ## - UNIWERSALNA KLASYFIKACJA DZIESIĘTNA - UKD
UKD 808.2-3
008 - POLE O STAŁEJ DŁUGOŚCI - DANE KONTROLNE
podpole kontrolne o stałej długości s pl f |000 0 pol
100 1# - NAZWA OSOBOWA
Nazwa osobowa BUKCINA, Bronislava Z.
245 #0 - TYTUŁ/ODPOWIEDZIALNOŚĆ
Tytuł Slitno ili razdel'no? :
Ciąg dalszy tytułu opyt slovarja-spravocnika /
Pozostałe elementy strefy tytułu i oznaczenia odpowiedzialności B.Z. Bukcina, L.P. Kalakuckaja.
250 ## - STREFA WYDANIA
Oznaczenie wydania Izd.4-e, stereotip.
260 ## - STREFA ADRESU WYDAWNICZEGO
Miejsce wydania Moskva,
Data publikacji, dystrybucji/powstania dokumentu 1983.
700 1# - HASŁO DODATKOWE - NAZWA OSOBOWA
Nazwa osobowa KALAKUCKAJA, Larisa P.
942 ## - DODATKOWE ELEMENTY (KOHA)
Typ dokumentu Książka
Egzemplarze
Wycofany Status egzemplarza Uszkodzony Dostępność Lokalizacja stała Lokalizacja bieżąca Miejsce przechowywania Sygnatura Kod kreskowy Typ dokumentu
      Dostępny Biblioteka Politechniki Koszalińskiej Biblioteka Politechniki Koszalińskiej Wypożyczalnia BG 32644 01578157 Książka
© 2023 Biblioteka Politechniki Koszalińskiej :: KOHA